<?xml version="1.0" encoding="UTF-8"?>
<collection xmlns="http://www.loc.gov/MARC21/slim">
    <record>
        <controlfield tag="001">84628</controlfield>
        <controlfield tag="005">20191111224555.0</controlfield>
        <datafield tag="024" ind1="7" ind2=" ">
            <subfield code="2">doi</subfield>
            <subfield code="a">10.26754/CINAIC.2019.0111</subfield>
        </datafield>
        <datafield tag="037" ind1=" " ind2=" ">
            <subfield code="a">COMPON-2019-CINAIC-0111</subfield>
        </datafield>
        <datafield tag="041" ind1=" " ind2=" ">
            <subfield code="a">spa</subfield>
        </datafield>
        <datafield tag="100" ind1=" " ind2=" ">
            <subfield code="a">Rodríguez Ávila, Nuria</subfield>
            <subfield code="u">Universidad de Barcelona, España</subfield>
        </datafield>
        <datafield tag="245" ind1=" " ind2=" ">
            <subfield code="a">cooperativo en Arquitectura</subfield>
        </datafield>
        <datafield tag="260" ind1=" " ind2=" ">
            <subfield code="c">2019</subfield>
        </datafield>
        <datafield tag="506" ind1=" " ind2=" ">
            <subfield code="a">Access copy available to the general public</subfield>
            <subfield code="f">Unrestricted</subfield>
        </datafield>
        <datafield tag="520" ind1="3" ind2=" ">
            <subfield code="a">Las prácticas externas de los estudiantes universitarios son una forma de adquisición de competencias y habilidades. Este trabajo trata de profundizar en cómo este tipo de actividades ayudan y preparan  a los estudiantes para su actividad futura profesional. La Facultad de Economía y Empresa (FEE) de la Universitat de Barcelona (UB) trata de mejorar la ocupabilidad a través de  proyectos como: “Plan de desarrollo del talento para la ocupación”, el “Plan de consolidación de Formación en Economía Social y solidaria o cooperativas” y por último el Proyecto RIMDA. Los principales indicadores que analizamos explican la evolución de las prácticas externas, estudio de las entidades colaboradoras en las que se realizan las prácticas,  valoración de los tutores de las entidades, diferenciación entre prácticas curriculares y extracurriculares.</subfield>
        </datafield>
        <datafield tag="540" ind1=" " ind2=" ">
            <subfield code="9">info:eu-repo/semantics/openAccess</subfield>
            <subfield code="a">by-nc-nd</subfield>
            <subfield code="u">http://creativecommons.org/licenses/by-nc-nd/3.0/es/</subfield>
        </datafield>
        <datafield tag="655" ind1=" " ind2="4">
            <subfield code="a">Comunicación</subfield>
        </datafield>
        <datafield tag="700" ind1=" " ind2=" ">
            <subfield code="a">Riera Prunera, Mª Carmen</subfield>
            <subfield code="u">Universidad de Barcelona, España</subfield>
        </datafield>
        <datafield tag="700" ind1=" " ind2=" ">
            <subfield code="a">Blasco Martel , Yolanda</subfield>
            <subfield code="u">Universidad de Barcelona, España</subfield>
        </datafield>
        <datafield tag="773" ind1=" " ind2=" ">
            <subfield code="d">Zaragoza</subfield>
            <subfield code="g">Aprendizaje, Innovación y Cooperación como impulsores del cambio metodológico. Actas del V Congreso Internacional sobre Aprendizaje, Innovación y Cooperación. CINAIC 2019 (9-11 de Octubre de 2019, Madrid, España)</subfield>
        </datafield>
        <datafield tag="856" ind1="4" ind2=" ">
            <subfield code="s">799928</subfield>
            <subfield code="u">http://zaguan.unizar.es/record/84628/files/111.pdf</subfield>
        </datafield>
        <datafield tag="909" ind1="C" ind2="O">
            <subfield code="o">oai:zaguan.unizar.es:84628</subfield>
            <subfield code="p">comunicaciones-ponencias</subfield>
        </datafield>
        <datafield tag="970" ind1=" " ind2=" ">
            <subfield code="a">COMPON-2019-CINAIC-0111</subfield>
        </datafield>
        <datafield tag="980" ind1=" " ind2=" ">
            <subfield code="a">COMPON</subfield>
        </datafield>
    </record>

    
</collection>